Responses for Show #2558 - Wednesday, October 18, 1995

Paul Thompson game 4.

Contestants

[<< previous game]

Allen Rudolph, a high school teacher from Los Gatos, California

Patrick Killian, a commerce director from Havertown, Pennsylvania

Paul Thompson, a personnel manager from Cheverly, Maryland (whose 3-day cash winnings total $43,600)

[next game >>]

Jeopardy! Round responses

BAYS & GULFS
CELEBRITY CHEERLEADERS
DANCE
GRAVESITES
ZOOLOGY
RHYME TIME
    $100 7
Russia

Paul
    $100 6
Steve Martin

Paul
    $100 17
white

Patrick
    $100 1
(Robert) Ripley

Paul
    $100 26
the Chihuahua

Paul
    $100 12
a funny bunny

Paul
    $200 8
the Gulf of Mexico

Paul
    $200 18
Meryl Streep

Allen
    $200 19
the minuet

Paul
    $200 2
Battle Creek

Paul
    $200 27
the boll weevil

Paul
    $200 13
a smart Bart

Paul
    $300 9
the Persian Gulf

Paul
    $300 23
Lily Tomlin

Triple Stumper
    $300 20
Candide

Paul
    $300 3
Philadelphia

Patrick
    $300 28
a shark

Allen
    $300 14
girls' curls

Paul
    $400 10
(Paul: What is Argentina?)

Brazil

PaulAllen
    $400 24
(Alex: It isn't Bryant Gumbel, so it's gotta be [*].)

Katie Couric

Triple Stumper
    $400 21
the nineteenth

Paul
    $400 4
Pocohontas

Allen
    $400 29
an anaconda

Allen
    $400 15
(Allen: What is a teeny beany?)

a wee pea

Allen
Triple Stumper
    $500 11
Guantanamo Bay

Allen
    $500 25
Paula Abdul

Patrick
    $500 22
(Alex: Yes, Spanish and gypsy.)

flamenco

Paul
    $500 5
Bonnie & Clyde

Patrick
    $500 30
(Allen: I'll try, What is a gorilla?)

lemurs

Allen
    $500 16
Humpty Dumpty

Triple Stumper

Scores at the first commercial break (after clue 16):

Paul Patrick Allen
$1,200 $800 $900

Scores at the end of the Jeopardy! Round:

Paul Patrick Allen
$2,900 $1,400 $1,300

Double Jeopardy! Round responses

KINGS & QUEENS
MYTHS & LEGENDS
U.S. GEOGRAPHY
MISC.
AUTHORS
"ISM"s
    $200 2
the Tudors

Paul
    $200 12
(Patrick: What is evening...[*]?)
(Alex: Okay.)

night

Patrick
    $200 1
Jackson

Patrick
    $200 26
solitaire

Paul
    $200 3
Herman Melville

Paul
    $200 20
communism

Allen
    $400 13
Juan Carlos

Patrick
    $400 15
the Aztecs

Paul
    $400 8
Crater Lake

Paul
    $400 27
delusions

Paul
    $400 4
Jack London

Patrick
    $400 21
optimism

Patrick
    $600 14
Romania

Paul
    $600 16
Medusa

Paul
    $600 9
the Missouri River

Allen
    $600 5
Norman Mailer

Paul
    $600 23
existentialism

Paul
    $800 19
Sweden

Paul
    $800 17
an ermine

Allen
    $1,000 10
South Carolina

Allen
    $800 28
(Paul: Who is McClellan?)
---
(Alex: The term is [*], hence "Stonewall" Jackson.)

stonewalling

Paul
Triple Stumper
    $800 6
Raymond Chandler

Patrick
    $800 24
Buddhism

Allen
    $1000 22
Denmark

Paul
    $1000 18
Vulcan

Triple Stumper
    $1000 11
Minnesota

Paul
    $1000 29
[The end-of-round signal sounds.]

Bennington

Paul
    $1000 7
(William) Faulkner

Allen
    $500 25
(Allen: What is personifyism?)
---
(Alex: We have less than a minute to go.)

anthropomorphism

Allen

Scores at the end of the Double Jeopardy! Round:

Paul Patrick Allen
$10,100 $3,800 $5,200

[wagering suggestions for these scores]

Final Jeopardy! Round responses

THE CARIBBEAN
(Alex: Allen Rudolph had $5,200. Did he come up with the correct response?)
(Allen: Wrong ocean.)
(Alex: You moved Morocco to the Caribbean. That's a nice transition. It'll cost you, obviously.)
PatrickWhat is Belize
$1,000
AllenWhat is Morocco
$5,195
PaulWhat is the Dominican Republic?
$500
the Dominican Republic

Final scores:

Paul Patrick Allen
$10,600 $2,800 $5
4-day champion: $54,200 2nd place: La-Z-Boy American Home Collection sofa & loveseat + Carpet One carpet 3rd place: Franchi Menotti sports watch

Game dynamics:

Coryat scores:

Paul Patrick Allen
$10,100 $3,800 $6,000
29 R,
2 W
10 R,
0 W
12 R
(including 1 DD),
3 W
(including 2 DDs)

Combined Coryat: $19,900

[game clues] [game scores] [suggest correction]

Game tape date: Unknown
The J! Archive is created by fans, for fans. Scraping, republication, monetization, and malicious use prohibited; this site may use cookies and collect identifying information. See terms. The Jeopardy! game show and all elements thereof, including but not limited to copyright and trademark thereto, are the property of Jeopardy Productions, Inc. and are protected under law. This website is not affiliated with, sponsored by, or operated by Jeopardy Productions, Inc. Join the discussion at JBoard.tv.